[Event "Pan American-ch School U11 12th"]
[Site "Callao"]
[Date "2023.10.19"]
[Round "6"]
[White "Ortiz Barriales, Leonel Leyton"]
[Black "Noguera Villalba, Vidal Samuel"]
[Result "1-0"]
[WhiteElo "1101"]
[BlackElo "1028"]
[PlyCount "55"]
[EventDate "2023.10.16"]
[EventType "swiss"]
[EventRounds "9"]
[EventCountry "PER"]
[SourceTitle "CB48_2023"]
[SourceDate "2023.11.29"]
[SourceVersion "1"]
[SourceVersionDate "2023.11.29"]
[SourceQuality "1"]

1. d4 Nf6 2. Bf4 c5 3. e3 Nd5 4. Bg3 Qb6 5. b3 cxd4 6. exd4 e5 7. dxe5 Bb4+ 8. Nd2 Nc3 9. Qc1 d5 10. Ngf3 Bg4 11. a3 Bc5 12. Bd3 Ne4 13. Nxe4 dxe4 14. Bxe4 0-0 15. 0-0 Rd8 16. Qg5 Be6 17. Bxb7 Qxb7 18. Qxd8+ Bf8 19. Qd3 Nd7 20. b4 Rd8 21. Ng5 g6 22. Nxe6 fxe6 23. Rfd1 Bg7 24. Bh4 Bxe5 25. Bxd8 Bxa1 26. Qxd7 Qxd7 27. Rxd7 Bb2 28. Rxa7 1-0

[Event "PAR-ch U20"]
[Site "Asuncion"]
[Date "2023.06.04"]
[Round "7"]
[White "Schmidt Portillo, John Alexander"]
[Black "Noguera Villalba, Vidal Samuel"]
[Result "1-0"]
[WhiteElo "1197"]
[BlackElo "1097"]
[PlyCount "77"]
[EventDate "2023.06.02"]
[EventType "swiss"]
[EventRounds "7"]
[EventCountry "PAR"]
[SourceTitle "CBM 214 Extra"]
[Source "ChessBase"]
[SourceDate "2023.07.31"]
[SourceVersion "1"]
[SourceVersionDate "2023.07.31"]
[SourceQuality "1"]

1. e4 e5 2. Nf3 Nc6 3. Nc3 Bc5 4. Nxe5 Nxe5 5. d4 Bb4 6. dxe5 Bxc3+ 7. bxc3 d6 8. exd6 Qxd6 9. Bb5+ Bd7 10. Bxd7+ Qxd7 11. Qxd7+ Kxd7 12. 0-0 Ke6 13. Ba3 Nf6 14. Rfe1 Rad8 15. f4 g6 16. Bc5 Nd7 17. Ba3 b6 18. Rf1 f5 19. exf5+ gxf5 20. Rfe1+ Kd5 21. Rad1+ Kc6 22. Re6+ Kb7 23. Be7 Rhe8 24. Bxd8 Rxd8 25. Re7 Kc6 26. Rxh7 a5 27. Rh6+ Kb7 28. Rh5 Kc8 29. Rxf5 Re8 30. Kf2 c6 31. Rf7 Nb8 32. Rf6 Kc7 33. Rf7+ Kc8 34. Kf3 c5 35. Rd6 b5 36. g4 b4 37. cxb4 axb4 38. Rd5 c4 39. Rc5+ 1-0